OJT : Kursus reka bentuk custom album :

Bibliographic Details
Format: Book
Language:Malay
Published: Kajang : Institut Penilaian Negara 2017

MARC

LEADER 00000cam a2200000 7i4500
001 0000028165
005 20241121.0
008 181220 my b b may
040 |a INS   |b eng   |e rda 
090 0 0 |a CD 557 
245 0 0 |a OJT :   |b Kursus reka bentuk custom album :   |b 21-22 Ogos 2017 
264 1 |a Kajang :   |b Institut Penilaian Negara   |c 2017 
300 |a 1 compact disc ;   |c 4 3/4 inci. 
336 |a computer dataset  |2 rdacontent 
337 |a computer  |2 rdamedia 
338 |a computer disc  |2 rdacarrier 
999 |a CD00000565   |b CD-ROM   |c Media Collection   |e Default branch 
999 |a VCD0002577   |b DIGITAL VIDEO CD   |c Media Collection   |e Default branch